Places with "North" in their name - Statistics

General Stats
  • This quiz has been taken 54 times
  • The average score is 6 of 15
Answer Stats
Hint Population Answer % Correct
USA 11.0m North {Carolina}
96%
USA 796k North {Dakota}
94%
Asia 26.2m North {Korea}
94%
UK 1.9m Northern {Ireland}
92%
New Zealand 4.07m North {Island}
81%
Europe 1.8m North {Macedonia}
79%
UK 324k North{umberland}
28%
UK, Tyne and Wear 34k North {Shields}
17%
Netherlands 2.6m North {Brabant}
15%
Canada, Ontario 52k North {Bay}
8%
UK, Cheshire 22k North{wich}
8%
USA, Connecticut 24k North {Haven}
6%
India, West Bengal 251k North {Dum} {Dum}
0%
Germany, Lower Saxony 29k North{eim}
0%
USA, Indiana 1.8k North {Judson}
0%
No matching quizzes found
Score Distribution
Percent of People with Each Score
Percentile by Number Answered
Your Score History
You have not taken this quiz